Inspirující lidé nás obohacují

Osobný rozvoj manažéra. Išpirácia mimo podnikania. Trendy v sebarozvoji. Leadership. Kam kráčia štúdium MBA.

Saved in:
Bibliographic Details
Main Author: Kazdová, Alena
Format: Book Chapter
Language:Czech
Subjects:
Tags: Add Tag
No Tags, Be the first to tag this record!

MARC

LEADER 00000naa a2200000 4500
001 0190222
005 20231211094558.6
041 0 |a cze 
044 |a CZ 
245 1 0 |a Inspirující lidé nás obohacují  |c Alena Kazdová 
520 |a Osobný rozvoj manažéra. Išpirácia mimo podnikania. Trendy v sebarozvoji. Leadership. Kam kráčia štúdium MBA. 
610 2 0 |a manažéri 
610 2 0 |a sebariadenie 
610 2 0 |a vzdelávanie 
610 2 0 |a riadenie 
610 2 0 |a lídri 
610 2 0 |a vodcovstvo 
100 1 |a Kazdová, Alena